| 000 | 00558nam a2200205Ia 4500 | ||
|---|---|---|---|
| 005 | 20250923145213.0 | ||
| 008 | 008 250917s9999 xx 000 0 eng d | ||
| 037 | _aTextual | ||
| 040 |
_aDSWL _beng _cDSWL |
||
| 041 |
_aeng _2eng |
||
| 084 | _qDSWL | ||
| 100 |
_aGoldthorpe, John H. _9832857 |
||
| 245 | 4 |
_aThe affluent worker in the class structure _cby John H. Goldthorpe |
|
| 260 |
_aCambridge _bUniversity Press _c1969 |
||
| 300 | _ax,192p. | ||
| 365 |
_aINR _b13 |
||
| 925 | _g13 | ||
| 942 | _cTEXL | ||
| 999 |
_c1448422 _d1448422 |
||